000 00716nam a2200229 a 4500
001 BRCA_5603
005 20190320205141.0
008 210211s1952----fr-a######---#000-0#fre-#
041 _afre
044 _afr
050 4 _aN6913
_b.T74 1952
245 1 0 _aTresors d´art du Moyen age en Italie
_bPetit Palais, mai-juillet 1952
_cintrod. Antonio Segni ; preface Emilio Lavagnino.
260 _aParís
_bPresses Artistiques
_c1952
300 _a80 p.
_bil., 72 láminas
_c21 cm.
500 _aEstado físico: tapas desprendidas
500 _aF81
650 1 4 _aArte medieval
_vExposiciones
_zItalia
_914283
700 1 _aLavagnino, Emilio
_914284
700 1 _aSegni, Antonio
_914285
902 _aGFM
942 _2lcc
_cB
999 _c5297
_d5297